000 00744nam a2200241Ia 4500
003 OSt
005 20220926001021.0
006 a|||||r|||| 00| 0
007 ta
008 220923b |||||||| |||| 00| 0 eng d
020 _a0749442123
_c250.75
037 _b536/PBD/07-08, 11/01/2008, PIONEER BOOK DISTRIBUTORS
_cGeneral Book
040 _aRTL
_cRTL
_beng
041 _2eng
_aeng
082 _aX:511-8, P4
100 _aInd Nicholas Ed.
_9303340
245 0 _aBeyond branding
260 _a New Delhi
_bKogan Page
_c2004
300 _axviii, 236p
_ccm.
650 _aCommerce
942 _hX:511-8, P4
_cGB
_2CC
999 _c600222
_d600222